Biggest Cities that Start with K - Statistics

General Stats
  • This quiz has been taken 170 times
  • The average score is 12 of 15
Answer Stats
Clue Answer % Correct
Capital of Afghanistan Kabul
99%
Capital of Ukraine Kiev
99%
Capital of Nepal Kathmandu
97%
Ancient Japanese city formerly the Capital Kyoto
96%
Formerly known as Calcutta Kolkata
93%
Capital of Malaysia Kuala Lumpur
93%
Largest city in Pakistan Karachi
90%
Capital of the Democratic Republic of the Congo Kinshasa
90%
Capital of Sudan Khartoum
87%
Japanese city famously known for its beef Kobe
83%
Capital of Uganda Kampala
78%
2nd Largest city of Nigeria after Lagos Kano
63%
Largest city of Yunnan (China) Kunming
38%
2nd Largest city in Taiwan Kaohsiung
30%
Also known as Cawnpore Kanpur
26%
No matching quizzes found
Score Distribution
Percent of People with Each Score
Percentile by Number Answered
Your Score History
You have not taken this quiz